Sociológia v skúmaní etnicity : Úvod do etnosociológie
Salvato in:
| Autore principale: | |
|---|---|
| Natura: | Libro |
| Lingua: | slovacco |
| Pubblicazione: |
Bratislava :
Atelier Gabriel,
1999
|
| Edizione: | 1. |
| Soggetti: | |
| Accesso online: | OBSAH |
| Tags: |
Nessun Tag, puoi essere il primo ad aggiungerne!!
|
MARC
| LEADER | 00000nam a22000003a 4500 | ||
|---|---|---|---|
| 001 | stu51258 | ||
| 005 | 20150617225706.2 | ||
| 008 | 991209s1999----xo------------------slo-d | ||
| 020 | |a 80-968179-7-3 | ||
| 040 | |a STU |b slo | ||
| 041 | 0 | |a slo | |
| 044 | |a xo | ||
| 080 | |a 301.18 |7 stu_us_auth*stu10910 | ||
| 100 | 1 | |a Csámpai, Ottó |4 aut |u M310 |U MTF Ústav inžinierskej pedagogiky a humatitných vied |T MTF Katedra humanitných vied |U M310 |Y M310 | |
| 245 | 1 | |a Sociológia v skúmaní etnicity : |b Úvod do etnosociológie | |
| 250 | |a 1. | ||
| 260 | |a Bratislava : |b Atelier Gabriel, |c 1999 | ||
| 300 | |a 201 s | ||
| 650 | 7 | |a Etnosociológia |2 stusub | |
| 856 | 4 | |a https://sweb.mtf.stuba.sk/obsahy/sociologia_v_skumani_etnicity_99 |u https://sweb.mtf.stuba.sk/obsahy/sociologia_v_skumani_etnicity_99 |3 OBSAH | |
| 996 | |b 284M029952 |c M*10252-2 |l MMKN |s A |a 24 |w stu51258_0001 | ||
| 996 | |b 284M012225 |c M*10252-3 |l MMST |s A |a 24 |w stu51258_0002 | ||
| 996 | |b 284M029951 |c M*10252-4 |l MMKN |s A |a 24 |w stu51258_0003 | ||